Central Library OPAC University of Rajshahi

Linking Human Resource Strategy to from Performance in the Ready-Made Garment Industry : (Record no. 81323)

MARC details
000 -LEADER
fixed length control field 00943nam a2200241 a 4500
001 - CONTROL NUMBER
RUCL Control Number 81323
003 - CONTROL NUMBER IDENTIFIER
rucl marc code BD-RjUL
005 - DATE AND TIME OF LATEST TRANSACTION
control field 20240122124605.0
008 - FIXED-LENGTH DATA ELEMENTS--GENERAL INFORMATION
fixed length control field 230404s2020 bg ||||| m||| 00| 0 eng d
035 ## - SYSTEM CONTROL NUMBER
system control number (BD-RjUL)81323
040 ## - CATALOGING SOURCE
Original cataloging agency BD-RjUL
Language of cataloging eng
Transcribing agency BD-RjUL
Modifying agency BD-RjUL
041 ## - LANGUAGE CODE
Language code of Book eng
082 ## - DEWEY DECIMAL CLASSIFICATION NUMBER
Classification number 368.095492
Author mark and Year SAL 2020
DDC Edition number 23
100 ## - MAIN ENTRY--PERSONAL NAME
Personal name Saha, Amitab
9 (RLIN) 7272
245 10 - TITLE STATEMENT
Title Linking Human Resource Strategy to from Performance in the Ready-Made Garment Industry :
Remainder of title Evidence From Bangladesh /
Statement of responsibility, etc Amitab Saha ;
Name of Supervisor/Co-Supervisor Supervisor : Shaikh M. Nurullah.
260 ## - PUBLICATION, DISTRIBUTION, ETC. (IMPRINT)
Place of publication, distribution, etc Rajshahi :
Name of publisher, distributor, etc Department of Management Studies, University of Rajshahi,
Date of publication, distribution, etc 2020.
300 ## - PHYSICAL DESCRIPTION
Pagination xvi, 266 Leaves :
Dimensions 29 cm.
502 ## - DISSERTATION NOTE
Dissertation note Thesis (M. Phil.) -- Department of Management Studies, University of Rajshahi, 2020
504 ## - BIBLIOGRAPHY, ETC. NOTE
Bibliography, etc References : Leaves 185-246
650 ## - SUBJECT ADDED ENTRY--TOPICAL TERM
Topical term or geographic name as entry element Production
Form subdivision Industry
Geographic subdivision Bangladesh
9 (RLIN) 7273
700 ## - ADDED ENTRY--SUPERVISOR/CO-SUPERVISOR NAME
Personal name Nurullah, Shaikh M. Supervisor
9 (RLIN) 7274
942 ## - ADDED ENTRY ELEMENTS (KOHA)
Source of classification or shelving scheme Dewey Decimal Classification
Koha item type Theses
Holdings
Source of classification or shelving scheme Damaged status Not for loan Collection code Permanent Location Current Location Shelving location Date of accession Source of acquisition Total Checkouts Full call number Barcode Date last seen Copy number Thesis
Dewey Decimal Classification   Not For Loan Theses Central Library, University of Rajshahi Central Library, University of Rajshahi Documentation Section 28/02/2023 Controller of Exam. R.U   THE 338.095492 SAL 2020 D4682 04/04/2023 C-1 Theses